[Event "Ä13Â"]
[Site "Loo"]
[Date "2017.04.26"]
[Round "7.4"]
[White "Ìàëüöåâà, Åêàòåðèíà."]
[Black "Ìèðîíåíêî, Ãàëèíà."]
[Result "1/2-1/2"]
[WhiteElo "1671"]
[BlackElo "1956"]
[PlyCount "64"]
[EventDate "2017.04.20"]

1. e4 c5 2. Nf3 d6 3. d4 cxd4 4. Nxd4 Nf6 5. Nc3 a6 6. Be2 e5 7. Nb3 Be7 8. O-O
O-O 9. f4 Nc6 10. f5 b5 11. a3 Bb7 12. Bf3 Rc8 13. Be3 Na5 14. Nxa5 Qxa5 15.
Qe1 Qc7 16. g4 Kh8 17. g5 Nd7 18. Qg3 Qd8 19. Be2 Nc5 20. Bf3 a5 21. Bg2 b4 22.
axb4 axb4 23. Nd5 Bxd5 24. exd5 Nd7 25. Rf2 Rc4 26. Raf1 Rg8 27. Kh1 Qc8 28.
Qh3 Qd8 29. Qg3 Qc8 30. Qh3 Qd8 31. Qg3 Qc8 32. Qh3 Qd8 1/2-1/2

[Event "Ä13Â"]
[Site "Loo"]
[Date "2017.04.26"]
[Round "7.5"]
[White "Íàñûðîâà, Åêàòåðèíà."]
[Black "Äàøèíà, Ñîôèÿ."]
[Result "1-0"]
[WhiteElo "1955"]
[BlackElo "1644"]
[PlyCount "95"]
[EventDate "2017.04.20"]

1. d4 d5 2. Nf3 c6 3. c4 Nf6 4. Nc3 a6 5. cxd5 cxd5 6. Bg5 Ne4 7. Bf4 Nc6 8. e3
Qa5 9. Qb3 e6 10. Be2 Bb4 11. Rc1 Nxc3 12. bxc3 Qa3 13. O-O Qxb3 14. axb3 Be7
15. Ne1 b5 16. Nd3 Na5 17. Rb1 O-O 18. f3 Bb7 19. Bc7 Nc6 20. b4 Rac8 21. Bb6
Rfe8 22. Ra1 Bd6 23. Bc5 Bc7 24. g3 e5 25. Kf2 f6 26. Nc1 Kh8 27. Nb3 Rcd8 28.
h4 Kg8 29. Ra2 Kh8 30. Rfa1 Kg8 31. Rxa6 Bxa6 32. Rxa6 Nb8 33. Ra7 Bd6 34. Bxb5
Re6 35. c4 exd4 36. exd4 Bxc5 37. bxc5 Kf8 38. cxd5 Re7 39. Rxe7 Kxe7 40. d6+
Ke6 41. Bc4+ Kd7 42. d5 Ke8 43. Bb5+ Kf7 44. c6 Nxc6 45. dxc6 Ke6 46. c7 Rxd6
47. c8=Q+ Ke7 48. Qe8# 1-0

[Event "Ä13Â"]
[Site "Loo"]
[Date "2017.04.26"]
[Round "7.6"]
[White "Êðóïíîâà, Àííà."]
[Black "Êèð÷åé, Âèêòîðèÿ."]
[Result "0-1"]
[WhiteElo "1556"]
[BlackElo "1814"]
[PlyCount "162"]
[EventDate "2017.04.20"]

1. e4 c5 2. Nf3 Nc6 3. d4 cxd4 4. Nxd4 g6 5. c4 Bg7 6. Be3 d6 7. Nc3 Nf6 8. Be2
Bd7 9. O-O O-O 10. Qd2 Re8 11. f3 a6 12. Rac1 Rc8 13. Rfd1 Nxd4 14. Bxd4 Bc6
15. Bf1 Nd7 16. Nd5 Bxd5 17. exd5 Bxd4+ 18. Qxd4 Qb6 19. b3 Qxd4+ 20. Rxd4 a5
21. g3 Nc5 22. Kf2 Rcd8 23. Re1 Na6 24. Rde4 Kf8 25. f4 f5 26. R4e3 Ra8 27. a3
Nc5 28. Ke2 Rac8 29. Kd2 Ne4+ 30. Kd3 Rc7 31. Kd4 Rec8 32. Bg2 Nc5 33. a4 Ra8
34. h3 Ra6 35. Kc3 Rb6 36. Kc2 Rb4 37. Ra1 h5 38. Bf3 b5 39. axb5 a4 40. Kc3
Rxb3+ 41. Kd4 Rb4 42. Rae1 Nb3+ 43. Kd3 Rbxc4 44. Ke2 Rc2+ 45. Kf1 Nd2+ 46. Kg1
Rc1 47. Kf2 Rxe1 48. Kxe1 Nxf3+ 49. Rxf3 Rb7 50. Ra3 Rxb5 51. Rxa4 Rxd5 52. Ke2
Kf7 53. Ke3 Rb5 54. Ra7 h4 55. Ra3 hxg3 56. Kf3 d5 57. Kxg3 d4 58. Ra7 Rb3+ 59.
Kg2 d3 60. Rd7 Rb2+ 61. Kf3 d2 62. h4 Rb3+ 63. Kg2 Rb2 64. Kf3 Ke6 65. Rd4 Rc2
66. Ke3 d1=Q 67. Rxd1 Rh2 68. Kf3 Rh3+ 69. Kf2 Rxh4 70. Kg3 Rh8 71. Re1+ Kf6
72. Rc1 Rd8 73. Rc6+ Rd6 74. Rc8 Kf7 75. Rc7 Rd3+ 76. Kh4 Rf3 77. Rc4 Re3 78.
Kg5 Rg3+ 79. Kh4 Rd3 80. Kg5 Rh3 81. Rd4 Rh5# 0-1

[Event "Ä13Â"]
[Site "Loo"]
[Date "2017.04.26"]
[Round "7.7"]
[White "ßêèìîâà, Ìàðèÿ."]
[Black "Ïàðñåãÿí, Êñåíèÿ."]
[Result "1-0"]
[WhiteElo "1730"]
[BlackElo "1558"]
[PlyCount "65"]
[EventDate "2017.04.20"]

1. e4 e5 2. Nf3 Nc6 3. d4 exd4 4. Bc4 Nf6 5. O-O Nxe4 6. Re1 d5 7. Bxd5 Qxd5 8.
Nc3 Qa5 9. Nxe4 Be6 10. Bd2 Qd5 11. Bg5 Be7 12. Bxe7 Nxe7 13. Qxd4 O-O 14. Qxd5
Nxd5 15. Nc5 Bf5 16. Nd4 Bg6 17. c4 Nf4 18. Rad1 b6 19. Nd7 Rfd8 20. Ne5 c5 21.
Ndc6 Re8 22. Rd7 f6 23. Nf3 Nd3 24. Ne7+ Rxe7 25. Rexe7 Nxb2 26. Rxg7+ Kf8 27.
Rxa7 Re8 28. g4 Nxc4 29. Nh4 Re1+ 30. Kg2 Ne5 31. Nxg6+ hxg6 32. Rh7 Kg8 33.
Rhc7 1-0

[Event "Ä13Â"]
[Site "Loo"]
[Date "2017.04.26"]
[Round "7.8"]
[White "Àëåêñååíêî, Ìàðèÿ."]
[Black "Ïàëü÷óí, Ïîëèíà."]
[Result "1-0"]
[WhiteElo "1684"]
[BlackElo "1444"]
[PlyCount "93"]
[EventDate "2017.04.20"]

1. c4 e5 2. g3 Nc6 3. Bg2 g6 4. Nc3 Bg7 5. d3 d6 6. e3 f5 7. Nge2 Nf6 8. O-O
O-O 9. Rb1 a5 10. a3 g5 11. f4 gxf4 12. exf4 Kh8 13. h3 Rg8 14. Kh2 Qe8 15. Nd5
Qf7 16. Nec3 Bf8 17. Be3 Qg7 18. Bf2 Be6 19. Nxf6 Qxf6 20. Nd5 Qd8 21. Qe2 Bf7
22. Bf3 Bh6 23. Rg1 exf4 24. Nxf4 Bxf4 25. gxf4 Qf6 26. Qd2 Bg6 27. d4 Nd8 28.
d5 Qf7 29. Bd4+ Rg7 30. Qc3 b6 31. Rbe1 Rc8 32. Bf6 Qf8 33. Re7 Nf7 34. Rge1
Kg8 35. Bxg7 Qxg7 36. Re8+ Rxe8 37. Rxe8+ Qf8 38. Rxf8+ Kxf8 39. Qf6 Ke8 40. h4
Nd8 41. h5 Bf7 42. Be2 Nb7 43. Qxf5 Nc5 44. Qxh7 Bxh5 45. Bxh5+ Kd8 46. Qg8+
Kd7 47. Qe8# 1-0

[Event "Ä13Â"]
[Site "Loo"]
[Date "2017.04.26"]
[Round "7.9"]
[White "Ìàêàðåíêî, Åëèçàâåòà."]
[Black "Áîäíàðóê, Êñåíèÿ."]
[Result "0-1"]
[WhiteElo "1386"]
[BlackElo "1677"]
[PlyCount "100"]
[EventDate "2017.04.20"]

1. c4 c5 2. Nc3 Nc6 3. g3 g6 4. Bg2 Bg7 5. d3 e6 6. e4 Nge7 7. Nge2 O-O 8. O-O
f5 9. Be3 d6 10. Qd2 Ne5 11. h3 N7c6 12. a3 Bd7 13. Rad1 a6 14. f4 Nf7 15. Kh1
e5 16. Nd5 Nd4 17. Nec3 Rb8 18. b4 b5 19. Rb1 bxc4 20. dxc4 cxb4 21. axb4 Rc8
22. Nb6 Qxb6 23. Nd5 Qd8 24. Rfc1 Be6 25. Kh2 fxe4 26. Bxe4 Bf5 27. Qd3 Bxe4
28. Qxe4 Re8 29. Qd3 e4 30. Qf1 Nh6 31. Bxd4 Bxd4 32. Qd1 Bg7 33. Ne3 Qf6 34.
c5 dxc5 35. bxc5 Qd4 36. Qb3+ Kh8 37. c6 Qd6 38. Qa4 Qd2+ 39. Ng2 Nf5 40. Rc2
Qd6 41. Qxa6 Nd4 42. Rcc1 Rxc6 43. Rxc6 Qxc6 44. Qa2 Nf3+ 45. Kh1 e3 46. Qe2
Nd4 47. Qe1 e2 48. Rc1 Nc2 49. Qd2 e1=Q+ 50. Rxe1 Rxe1+ 0-1

[Event "Ä13Â"]
[Site "Loo"]
[Date "2017.04.26"]
[Round "7.10"]
[White "Ñåì¸íîâà, Äàðüÿ."]
[Black "Òî÷èëêèíà, Åêàòåðèíà."]
[Result "1/2-1/2"]
[WhiteElo "1429"]
[BlackElo "1633"]
[PlyCount "137"]
[EventDate "2017.04.20"]

1. d4 d5 2. Nf3 Nf6 3. c4 c6 4. Nc3 e6 5. g3 Nbd7 6. Bg2 dxc4 7. O-O Bd6 8. Nd2
Nb6 9. e4 Be7 10. e5 Nfd5 11. Nde4 h6 12. Qg4 g6 13. Re1 Nxc3 14. bxc3 Nd5 15.
a4 b6 16. Ba3 Bxa3 17. Rxa3 O-O 18. Nd6 Ba6 19. Bf1 b5 20. axb5 Bxb5 21. Rea1
Qe7 22. Bxc4 Bxc4 23. Nxc4 c5 24. Nd6 h5 25. Qe4 cxd4 26. Qxd4 Nb6 27. c4 Rfd8
28. Qe4 Qc7 29. Ra6 Kh7 30. Rc1 f5 31. Qf3 Nd5 32. Rb1 Nb6 33. Rba1 Kg8 34. Qb3
Rdb8 35. Qa2 Nc8 36. c5 Qd7 37. c6 Qe7 38. Nb7 Kf7 39. Rd1 Nb6 40. Na5 Nd5 41.
Nc4 Nc3 42. Nd6+ Kf8 43. Qd2 Nxd1 44. Qxd1 Qc7 45. Qc1 Rb6 46. Qh6+ Qg7 47.
Qxg7+ Kxg7 48. Rxb6 axb6 49. c7 b5 50. c8=Q Rxc8 51. Nxc8 b4 52. Nd6 b3 53. Nc4
Kf7 54. Kf1 Ke7 55. Ke2 Kd7 56. Kd2 Kc6 57. Kc3 Kd5 58. Kxb3 Ke4 59. f4 Kf3 60.
Kb4 Kg2 61. Kc5 Kxh2 62. Kd6 Kxg3 63. Kxe6 h4 64. Kd6 h3 65. e6 h2 66. e7 h1=Q
67. e8=Q Qd1+ 68. Kc5 Qg1+ 69. Kb4 1/2-1/2

[Event "Ä13Â"]
[Site "Loo"]
[Date "2017.04.26"]
[Round "7.11"]
[White "Ñîñíèíà, Íàäåæäà."]
[Black "Çàâèâàåâà, Ýìèëèÿ."]
[Result "1-0"]
[WhiteElo "1610"]
[BlackElo "1490"]
[PlyCount "161"]
[EventDate "2017.04.20"]

1. e4 e5 2. Nf3 Nc6 3. Bb5 a6 4. Ba4 Nf6 5. Qe2 b5 6. Bb3 Bb7 7. c3 Bc5 8. d3
h6 9. h3 d6 10. Nbd2 Qd7 11. Nf1 Bb6 12. Ne3 Ne7 13. Nh4 Bc5 14. Nef5 Nxf5 15.
Nxf5 O-O-O 16. Be3 Bxe3 17. Qxe3 d5 18. O-O-O d4 19. cxd4 exd4 20. Qf3 g6 21.
Ng3 Qe7 22. Kb1 h5 23. h4 Kb8 24. Rc1 Ka8 25. Qf4 Rc8 26. Ne2 c5 27. f3 Rhe8
28. Rhe1 Nd7 29. Qxf7 Ne5 30. Qxe7 Rxe7 31. Bc2 c4 32. Red1 cxd3 33. Bxd3 Rd7
34. Rxc8+ Bxc8 35. Nf4 Bb7 36. Rc1 Rf7 37. Rc5 Nd7 38. Rc7 Kb8 39. Rxd7 Rxd7
40. Nxg6 b4 41. Nf4 Ka7 42. Nxh5 Rh7 43. g4 Rf7 44. f4 Bc8 45. g5 Rh7 46. Be2
Bb7 47. Nf6 Rxh4 48. g6 Rh1+ 49. Kc2 Rg1 50. f5 Bc6 51. Bg4 Bxe4+ 52. Nxe4 Rxg4
53. f6 Rxg6 54. f7 Rc6+ 55. Kd3 Rc8 56. Kxd4 Rf8 57. Ng5 Kb6 58. Kd5 a5 59. Kd6
a4 60. Ke7 Ra8 61. Ne6 a3 62. b3 Rh8 63. Kd6 Kb5 64. f8=Q Rxf8 65. Nxf8 Kb6 66.
Ne6 Kb5 67. Nd4+ Kb6 68. Nc2 Kb5 69. Kd5 Ka5 70. Kc5 Ka6 71. Nxb4+ Ka7 72. Nd5
Ka6 73. Kc6 Ka5 74. b4+ Ka4 75. b5 Ka5 76. b6 Ka6 77. b7 Ka7 78. Kc7 Ka6 79.
b8=Q Ka5 80. Kc6 Ka6 81. Qb6# 1-0

[Event "Ä13Â"]
[Site "Loo"]
[Date "2017.04.26"]
[Round "7.12"]
[White "Êàìàðîâà, Æàíáîòà."]
[Black "Äèâååâà, Äàðüÿ."]
[Result "1/2-1/2"]
[WhiteElo "1501"]
[BlackElo "1451"]
[PlyCount "108"]
[EventDate "2017.04.20"]

1. d4 Nf6 2. c4 e6 3. Nf3 b6 4. g3 Bb7 5. Bg2 Be7 6. O-O O-O 7. Nc3 d5 8. b3
Nbd7 9. Qc2 Rc8 10. Rd1 c5 11. dxc5 bxc5 12. cxd5 exd5 13. Nh4 h6 14. Nxd5 Bxd5
15. Bxd5 Nxd5 16. Rxd5 Bxh4 17. gxh4 Qxh4 18. Bb2 Nf6 19. Bxf6 Qxf6 20. Rc1 Qe6
21. Qd3 Rfe8 22. Rc2 Qb6 23. Rd2 Qf6 24. Rd7 Qb6 25. Qf3 Rf8 26. Re7 Rc7 27.
Rxc7 Qxc7 28. Qf5 Qa5 29. Rc2 Re8 30. e3 Re6 31. Kf1 Qa6+ 32. Rc4 Qxa2 33. Rxc5
Qa1+ 34. Ke2 Qa6+ 35. Qd3 Qxd3+ 36. Kxd3 Kf8 37. Rc7 Re7 38. Rxe7 Kxe7 39. Kc4
Kd6 40. Kb5 Kc7 41. Ka6 Kb8 42. b4 Ka8 43. e4 g5 44. e5 Kb8 45. b5 Ka8 46. b6
axb6 47. Kxb6 Kb8 48. Kc6 Kc8 49. Kd6 Kd8 50. e6 Ke8 51. f3 Kf8 52. Ke5 Ke7 53.
exf7 Kxf7 54. Kf5 Kg7 1/2-1/2

[Event "Ä13Â"]
[Site "Loo"]
[Date "2017.04.26"]
[Round "7.13"]
[White "Øåñòàêîâà, Áîãäàíà."]
[Black "Áîíäàðåâà, Äàðüÿ."]
[Result "1-0"]
[WhiteElo "1526"]
[BlackElo "1778"]
[PlyCount "97"]
[EventDate "2017.04.20"]

1. e4 e5 2. Nf3 Nc6 3. Bb5 a6 4. Ba4 Nge7 5. Nc3 g6 6. d4 exd4 7. Nd5 Bg7 8.
Bg5 h6 9. Bf6 Kf8 10. Bxg7+ Kxg7 11. Nxd4 Nxd5 12. exd5 Nxd4 13. Qxd4+ Qf6 14.
Qxf6+ Kxf6 15. O-O b5 16. Bb3 a5 17. c3 Re8 18. a4 bxa4 19. Bxa4 Re2 20. b3 d6
21. Rfe1 Rxe1+ 22. Rxe1 Bf5 23. Re3 Rd8 24. Kf1 Bd7 25. Bxd7 Rxd7 26. Ke2 Rd8
27. Kd3 Ra8 28. Re4 Ra7 29. Ra4 Ke5 30. c4 Rb7 31. Kc2 Ra7 32. b4 Rb7 33. bxa5
Kd4 34. a6 Ra7 35. Kb3 Kc5 36. Ra5+ Kb6 37. Kb4 Rxa6 38. Rxa6+ Kxa6 39. c5 f6
40. g4 dxc5+ 41. Kxc5 Kb7 42. Kb5 f5 43. gxf5 gxf5 44. f4 h5 45. h4 Kc8 46. Kc6
Kd8 47. d6 Kc8 48. Kd5 c5 49. Kxc5 1-0

[Event "Ä13Â"]
[Site "Loo"]
[Date "2017.04.26"]
[Round "7.14"]
[White "Ðåãåð, Âàëåðèÿ."]
[Black "Êàñàåâà, Ñîôèÿ."]
[Result "0-1"]
[WhiteElo "1388"]
[BlackElo "1661"]
[PlyCount "84"]
[EventDate "2017.04.20"]

1. d4 d5 2. Bf4 Nf6 3. e3 e6 4. Bd3 c5 5. c3 Bd6 6. Bg3 O-O 7. Nf3 Qc7 8. Nbd2
Nbd7 9. O-O e5 10. dxe5 Nxe5 11. Nxe5 Bxe5 12. Rc1 Be6 13. Re1 Bxg3 14. hxg3
Qb6 15. Qc2 Qc6 16. Nf3 h6 17. Nh4 Ne4 18. c4 Rac8 19. cxd5 Bxd5 20. Nf5 Qe6
21. Nh4 c4 22. Bf1 Ng5 23. Rcd1 Rfd8 24. Rd4 b5 25. Red1 Rd7 26. Be2 Be4 27.
Qc3 Rcd8 28. a3 Rd5 29. f3 Bh7 30. e4 Rxd4 31. Rxd4 Qb6 32. Qb4 Qxd4+ 33. Kh2
Qd2 34. Qe7 Ne6 35. Bf1 Qd7 36. Qb4 Qd1 37. Bxc4 bxc4 38. Qxc4 Qd4 39. Qb5 Qb6
40. Qe5 Rd1 41. f4 Rd8 42. b4 Qd4 0-1

[Event "Ä13Â"]
[Site "Loo"]
[Date "2017.04.26"]
[Round "7.15"]
[White "Ôðîëîâà, Ëàäà."]
[Black "Ìåëåí÷óê, Îëüãà."]
[Result "1-0"]
[WhiteElo "1475"]
[BlackElo "1631"]
[PlyCount "67"]
[EventDate "2017.04.20"]

1. e4 e5 2. Nf3 Nc6 3. d4 exd4 4. Nxd4 Nf6 5. Nc3 Bb4 6. Nxc6 bxc6 7. Bd3 O-O
8. O-O Re8 9. Bg5 h6 10. Bh4 g5 11. Bg3 d5 12. e5 Nd7 13. Qh5 Bf8 14. f4 g4 15.
Bh4 f6 16. Qg6+ Bg7 17. Bxf6 Nxf6 18. exf6 Qxf6 19. Qxe8+ Bf8 20. Qg6+ Qxg6 21.
Bxg6 Bc5+ 22. Kh1 Bd7 23. f5 Kh8 24. Rf4 g3 25. hxg3 Be8 26. Re1 Bxg6 27. fxg6
Rg8 28. Re6 a5 29. Rf7 Rd8 30. Rxc7 Bd6 31. g7+ Kg8 32. Rb7 Bxg3 33. Rxh6 Re8
34. Rh8# 1-0

[Event "Ä13Â"]
[Site "Loo"]
[Date "2017.04.26"]
[Round "7.16"]
[White "Òîêìàêîâà, Óëüÿíà."]
[Black "×åðåïàíîâà, Ýâèòà."]
[Result "1-0"]
[WhiteElo "1315"]
[BlackElo "1612"]
[PlyCount "143"]
[EventDate "2017.04.20"]

1. Nf3 d5 2. b3 Bf5 3. Bb2 e6 4. e3 Nf6 5. Be2 h6 6. d3 Be7 7. Nbd2 O-O 8. O-O
c6 9. Ne5 Nbd7 10. Ndf3 Qc7 11. Qd2 Rac8 12. Rfd1 Rfd8 13. Qe1 b5 14. a4 b4 15.
Nxd7 Nxd7 16. c3 a5 17. cxb4 axb4 18. Rdc1 Qa5 19. Nd4 Nc5 20. Nxf5 exf5 21.
Qd1 Ne6 22. g3 Bg5 23. h4 Be7 24. Qc2 c5 25. Bf3 d4 26. e4 f4 27. Kg2 fxg3 28.
fxg3 Bd6 29. Kh3 Qc7 30. Rg1 Be5 31. Bg4 Qd6 32. Qc4 Re8 33. Bc1 Rc6 34. Bd2
Nf8 35. Raf1 Rc7 36. Rf3 Ng6 37. Rgf1 Ree7 38. Bc1 Qc6 39. h5 Nf8 40. Bf4 Bxf4
41. Rxf4 Qb7 42. Rf5 Qb6 43. Rc1 Ne6 44. Rd5 Ng5+ 45. Kg2 Rc6 46. Rxc5 Rxc5 47.
Qxc5 Qxc5 48. Rxc5 g6 49. hxg6 fxg6 50. Rc4 Nf7 51. Rxb4 Ne5 52. Be2 Rc7 53.
Rxd4 Rc2 54. Kf2 Rb2 55. b4 Ng4+ 56. Ke1 Ne3 57. Rd8+ Kf7 58. b5 Ra2 59. b6 Rb2
60. a5 Nc2+ 61. Kf2 Ke7 62. Rd5 Nb4 63. Rd4 Na6 64. Ke3 Rb5 65. Rd5 Rb3 66. Kf4
Rb2 67. Bf3 Nb4 68. Rd4 Na6 69. Bg4 Ra2 70. Rd7+ Ke8 71. Ra7 Rxa5 72. Bc8 1-0

[Event "Ä13Â"]
[Site "Loo"]
[Date "2017.04.26"]
[Round "7.17"]
[White "Ãðàíêèíà, Àëèñà."]
[Black "Åìåëüÿíîâà, Åëåíà."]
[Result "1/2-1/2"]
[WhiteElo "1585"]
[BlackElo "1504"]
[PlyCount "92"]
[EventDate "2017.04.20"]

1. e4 e5 2. Nf3 Nc6 3. Bc4 Bc5 4. O-O d6 5. c3 Nf6 6. d4 exd4 7. cxd4 Bb6 8.
Nc3 O-O 9. h3 h6 10. a3 Nxe4 11. Bxf7+ Rxf7 12. Nxe4 Bf5 13. Ng3 Qf8 14. Nh5
Qd8 15. Ng3 d5 16. Nxf5 Rxf5 17. Be3 Qf6 18. b4 a6 19. Nh2 Qd6 20. Qg4 Raf8 21.
Nf3 R5f6 22. Kh1 Rg6 23. Qh5 Rgf6 24. Rad1 Rf5 25. Qg4 Ne7 26. Ne5 Nc6 27. Ng6
h5 28. Bf4 hxg4 29. Bxd6 R8f6 30. Ne7+ Nxe7 31. Bxe7 Re6 32. hxg4 Rf4 33. Bc5
Rxg4 34. Rde1 Rxe1 35. Rxe1 Bxc5 36. dxc5 Kf7 37. g3 Rd4 38. Re3 Rd1+ 39. Kg2
d4 40. Re4 d3 41. Rd4 Ke7 42. Kf3 d2 43. Ke2 Ra1 44. Kxd2 Rxa3 45. Rg4 Kf7 46.
Rd4 Ke7 1/2-1/2

[Event "Ä13Â"]
[Site "Loo"]
[Date "2017.04.26"]
[Round "7.18"]
[White "Ïîðòíîâà, Êñåíèÿ."]
[Black "Ôåäîðè÷åâà, Åêàòåðèíà."]
[Result "1-0"]
[WhiteElo "1510"]
[BlackElo "1482"]
[PlyCount "65"]
[EventDate "2017.04.20"]

1. d4 c6 2. Bf4 d6 3. e3 Qb6 4. b3 Nf6 5. Nd2 g6 6. Ngf3 Bg7 7. Bd3 Nbd7 8. h3
Qc7 9. Bh2 c5 10. c3 cxd4 11. cxd4 Qc3 12. Be2 Ne4 13. Rc1 Qa5 14. O-O Nc3 15.
Qe1 Nxe2+ 16. Qxe2 Qxa2 17. Ra1 Qc2 18. Rfc1 Qf5 19. Rxa7 Rb8 20. Nc4 Qf6 21.
Na5 O-O 22. Qb5 b6 23. Nc6 Rb7 24. Ra8 Rc7 25. Nxe7+ Qxe7 26. Rxc7 Qe4 27.
Raxc8 Rxc8 28. Rxc8+ Nf8 29. Bxd6 Qe6 30. Qc6 Bh6 31. Bxf8 Qxc6 32. Rxc6 Kxf8
33. Rxb6 1-0

[Event "Ä13Â"]
[Site "Loo"]
[Date "2017.04.26"]
[Round "7.19"]
[White "Ðàçóâàåâà, Åêàòåðèíà."]
[Black "Êàðïîâà, Ëàðèñà."]
[Result "0-1"]
[WhiteElo "1270"]
[BlackElo "1608"]
[PlyCount "106"]
[EventDate "2017.04.20"]

1. e4 c5 2. Nf3 e6 3. d4 cxd4 4. Nxd4 a6 5. Nc3 Qc7 6. Be3 Nf6 7. Be2 Be7 8.
O-O Nc6 9. f4 d6 10. Bf3 Bd7 11. Qe1 O-O 12. Qg3 Kh8 13. Nxc6 bxc6 14. f5 e5
15. h4 h6 16. Qf2 Qd8 17. Bb6 Qc8 18. g4 Nh7 19. a4 a5 20. Be3 Rb8 21. b3 Qd8
22. g5 hxg5 23. h5 Bf6 24. Qh2 Qe7 25. Rf2 Kg8 26. Qh3 Rfc8 27. Rh2 Qf8 28. Qg3
Be8 29. Kf2 Bd8 30. Rah1 Bb6 31. h6 g6 32. fxg6 fxg6 33. Ke2 Bxe3 34. Kxe3 Bd7
35. Bg4 Qf4+ 36. Qxf4 gxf4+ 37. Kf3 Ng5+ 38. Kf2 Bxg4 39. h7+ Kh8 40. Rd1 Bxd1
41. Nxd1 Nxh7 42. Kf3 Kg7 43. Nf2 Rh8 44. Rg2 Nf6 45. Rg1 d5 46. exd5 cxd5 47.
Re1 Rhe8 48. Nd1 Rbc8 49. Re2 g5 50. Nf2 e4+ 51. Kg2 f3+ 52. Kf1 fxe2+ 53. Kxe2
Rxc2+ 0-1

[Event "Ä13Â"]
[Site "Loo"]
[Date "2017.04.26"]
[Round "7.20"]
[White "Êóäðÿâöåâà, Àíàñòàñèÿ."]
[Black "Åðøîâà, Ìàðãàðèòà."]
[Result "0-1"]
[WhiteElo "1413"]
[BlackElo "1593"]
[PlyCount "50"]
[EventDate "2017.04.20"]

1. Nf3 d6 2. g3 e5 3. d3 Nf6 4. Bg2 c6 5. O-O Be7 6. e4 O-O 7. Nbd2 h6 8. h4
Ng4 9. Nc4 f5 10. Ne3 f4 11. Nxg4 Bxg4 12. c3 Qc8 13. Kh2 Kh8 14. d4 Nd7 15.
Qb3 c5 16. d5 Nf6 17. Qc2 Nh5 18. Bd2 Qe8 19. Rae1 Qg6 20. Qd3 Bxf3 21. Bxf3
fxg3+ 22. Kh3 gxf2 23. Bxh5 fxe1=Q 24. Rxf8+ Rxf8 25. Bxg6 Qxh4+ 0-1

[Event "Ä13Â"]
[Site "Loo"]
[Date "2017.04.26"]
[Round "7.21"]
[White "Íèêîëàåâà, Íàäåæäà."]
[Black "Öàìàëàèäçå, Ëèàíà."]
[Result "1-0"]
[WhiteElo "1611"]
[BlackElo "1349"]
[PlyCount "73"]
[EventDate "2017.04.20"]

1. d4 d5 2. c4 c6 3. Nc3 Nf6 4. cxd5 cxd5 5. Nf3 e6 6. Bf4 Nbd7 7. e3 a6 8. Bd3
Be7 9. O-O O-O 10. Rc1 Nh5 11. Bg3 Nxg3 12. hxg3 Nf6 13. Ne5 Bd6 14. f4 Bxe5
15. dxe5 Nd7 16. Ne2 Qb6 17. Qd2 f6 18. exf6 Nxf6 19. Nd4 Bd7 20. Rfe1 Ng4 21.
Be2 Nf6 22. Bf3 Rac8 23. b3 Qd6 24. Ne2 Bc6 25. e4 Qd8 26. e5 Nd7 27. Nd4 Qb6
28. Qe3 Rce8 29. Nxc6 Qxe3+ 30. Rxe3 bxc6 31. Rxc6 Nb8 32. Rxe6 Rxe6 33. Bxd5
Rfe8 34. f5 Nd7 35. Bxe6+ Rxe6 36. fxe6 Kf8 37. exd7 1-0

[Event "Ä13Â"]
[Site "Loo"]
[Date "2017.04.26"]
[Round "7.22"]
[White "Ñóðîâöåâà, Àëèñà."]
[Black "Þñóïîâà, Ýëèíà."]
[Result "1-0"]
[WhiteElo "1601"]
[BlackElo "1481"]
[PlyCount "113"]
[EventDate "2017.04.20"]

1. e4 d6 2. d4 Nf6 3. Nc3 g6 4. Be3 Bg7 5. Qd2 O-O 6. f3 c6 7. O-O-O b5 8. Bh6
a5 9. Bxg7 Kxg7 10. h4 h5 11. g4 a4 12. Nb1 Ba6 13. Qc3 Qb6 14. a3 Kh7 15. e5
Nd5 16. Qd2 dxe5 17. gxh5 Qxd4 18. hxg6+ fxg6 19. Qxd4 exd4 20. Rxd4 Ra7 21.
Bd3 Nf4 22. Be4 Kg7 23. Nc3 Bb7 24. Nge2 Nxe2+ 25. Nxe2 c5 26. Rdd1 Bxe4 27.
fxe4 b4 28. Rdg1 Ra6 29. Rg5 Nd7 30. Rhg1 Rf2 31. Ng3 Rd6 32. Nf5+ Kf6 33. Nxd6
exd6 34. Rxg6+ Ke5 35. R1g5+ Kxe4 36. Rxd6 Ne5 37. Re6 Rf1+ 38. Kd2 Rf2+ 39.
Ke1 Rxc2 40. Rexe5+ Kf4 41. Rxc5 Rxb2 42. Rc4+ Ke3 43. Re5+ Kd3 44. Rxb4 Ra2
45. Rxa4 Ra1+ 46. Kf2 Ra2+ 47. Kf3 Ra1 48. Ra8 Rf1+ 49. Kg2 Rf7 50. Rd8+ Kc4
51. Re1 Rg7+ 52. Kh3 Kb3 53. Rc8 Ka4 54. Rb8 Rd7 55. Reb1 Rd3+ 56. Kh2 Rd2+ 57.
Kh1 1-0

[Event "Ä13Â"]
[Site "Loo"]
[Date "2017.04.26"]
[Round "7.23"]
[White "Ëîñåâà, Ìàðãàðèòà."]
[Black "Áîðîäêèíà, Ñîôèÿ."]
[Result "0-1"]
[WhiteElo "1439"]
[BlackElo "1576"]
[PlyCount "188"]
[EventDate "2017.04.20"]

1. e4 c5 2. Nf3 d6 3. d4 cxd4 4. Nxd4 Nf6 5. f3 e5 6. Nb3 Be7 7. Be3 Be6 8. c4
Qc7 9. Na3 a6 10. Be2 O-O 11. O-O Rd8 12. Qd2 Nc6 13. Rac1 Rac8 14. Rfd1 Nd7
15. Bf1 Nc5 16. Nxc5 dxc5 17. Qf2 Nd4 18. b3 Qa5 19. Nb1 Qc7 20. Nc3 Rd6 21.
Nd5 Bxd5 22. cxd5 Qd7 23. Bxd4 cxd4 24. Qg3 Bf6 25. a4 h6 26. h4 Re8 27. Qh2
Bd8 28. g3 Ba5 29. Bh3 Qe7 30. Qe2 Rg6 31. Kh2 Rb6 32. Qd3 Bc3 33. Rb1 Qa3 34.
Qc2 Rd8 35. Rf1 Rdd6 36. Rf2 Rb4 37. Qa2 Qxa2 38. Rxa2 Rdb6 39. Ra3 d3 40. Bf1
d2 41. a5 Rxb3 42. Raxb3 Rxb3 43. Rd1 Bxa5 44. Be2 Re3 45. Bc4 Rxf3 46. d6 Rc3
47. Be2 Rc1 48. Kg2 Rxd1 49. Bxd1 Kf8 50. Kf2 Ke8 51. Bg4 d1=Q 52. Bxd1 Kd7 53.
Bb3 f6 54. Bd5 Bb4 55. Bxb7 a5 56. Bd5 Kxd6 57. Kf3 f5 58. Bb3 fxe4+ 59. Kxe4
Be1 60. h5 Bxg3 61. Kd3 Kc5 62. Ke4 Kd6 63. Kd3 Bh4 64. Kc4 Bd8 65. Kb5 e4 66.
Kc4 Ke5 67. Bd1 Kf4 68. Kd4 e3 69. Kd3 Bg5 70. Bc2 Kf3 71. Bd1+ Kf2 72. Bg4 a4
73. Kc3 e2 74. Bxe2 Kxe2 75. Kb4 g6 76. hxg6 Bf6 77. Kxa4 h5 78. Kb5 h4 79. Kc6
h3 80. Kd6 h2 81. Ke6 Ba1 82. Kf7 h1=Q 83. g7 Bxg7 84. Kxg7 Qc6 85. Kf7 Qd6 86.
Kg7 Qf4 87. Kg6 Ke3 88. Kg7 Qf5 89. Kg8 Qf6 90. Kh7 Qg5 91. Kh8 Kf4 92. Kh7 Kf5
93. Kh8 Kf6 94. Kh7 Qg7# 0-1

[Event "Ä13Â"]
[Site "Loo"]
[Date "2017.04.26"]
[Round "7.24"]
[White "Íèêóëèíà, Àíàñòàñèÿ."]
[Black "Ñòàêèíà, Ìåëèññà."]
[Result "1-0"]
[WhiteElo "1562"]
[BlackElo "1429"]
[PlyCount "155"]
[EventDate "2017.04.20"]

1. e4 e5 2. Nf3 Nc6 3. d4 exd4 4. Nxd4 Nf6 5. Nc3 Bb4 6. Nxc6 bxc6 7. Bd3 d5 8.
exd5 cxd5 9. O-O O-O 10. Bg5 c6 11. Qf3 Be7 12. h3 h6 13. Bf4 Be6 14. Rad1 Bd6
15. Ne2 Qc7 16. Bxh6 Qa5 17. b3 c5 18. Nc3 d4 19. Ne4 Be5 20. Nxf6+ Bxf6 21.
Bd2 Qc7 22. Rfe1 Rfe8 23. Rc1 c4 24. Be4 Rad8 25. Bc6 Bd7 26. Bxd7 Qxd7 27.
bxc4 Qc7 28. Qb3 Rb8 29. Qa4 Rec8 30. c3 Qxc4 31. Re8+ Kh7 32. Qxc4 Rxc4 33.
Rxb8 dxc3 34. Be1 c2 35. Bd2 a5 36. Kf1 a4 37. Ke2 a3 38. Kd3 Rd4+ 39. Kxc2
Rc4+ 40. Kb3 Rd4 41. Bc3 Rd3 42. Rc8 Bxc3 43. R1xc3 Rd2 44. Rc2 Rd3+ 45. R8c3
Rd7 46. Kxa3 Ra7+ 47. Kb2 Rb7+ 48. Rb3 Ra7 49. a3 f6 50. Ka2 Kg6 51. Rc4 Kf7
52. a4 Ke6 53. Ra3 Kd5 54. Rc2 Kd6 55. a5 Ra6 56. Rd3+ Ke6 57. Re2+ Kf7 58. Rd5
g5 59. Kb3 Ra8 60. Kb4 Rb8+ 61. Rb5 Ra8 62. Rb7+ Kf8 63. Kb5 f5 64. a6 Rd8 65.
a7 Rd5+ 66. Kc6 Ra5 67. Rb8+ Kf7 68. a8=Q Rxa8 69. Rxa8 Kf6 70. Ra7 g4 71. hxg4
fxg4 72. Kd5 Kg6 73. Ra6+ Kf7 74. Ree6 g3 75. f4 Kg7 76. Ra7+ Kf8 77. Ree7 Kg8
78. Re8# 1-0

[Event "Ä13Â"]
[Site "Loo"]
[Date "2017.04.26"]
[Round "7.25"]
[White "Äîðîõèíà, Åëèçàâåòà."]
[Black "Êðàìàðåíêî, Åëåíà."]
[Result "1/2-1/2"]
[WhiteElo "1452"]
[BlackElo "1527"]
[PlyCount "81"]
[EventDate "2017.04.20"]

1. e4 c5 2. Nf3 Nc6 3. d4 cxd4 4. Nxd4 e5 5. Nb3 Nf6 6. Nc3 Bb4 7. Bg5 h6 8.
Bxf6 Qxf6 9. Qd3 O-O 10. a3 Bxc3+ 11. Qxc3 d6 12. Bc4 Be6 13. O-O Rac8 14. Bxe6
fxe6 15. Qd3 Rcd8 16. Rad1 Qf7 17. Qe3 d5 18. c3 Qg6 19. f3 Rf4 20. Rfe1 Rdf8
21. exd5 Rxf3 22. Qe2 Rf2 23. Qxf2 Rxf2 24. Kxf2 Qc2+ 25. Rd2 Qxb3 26. dxc6
Qb6+ 27. Kf1 Qb5+ 28. Kf2 bxc6 29. Re4 Qc5+ 30. Kf1 Kf7 31. Rf2+ Kg6 32. Rfe2
Kf6 33. Rf2+ Ke7 34. Rfe2 Kd6 35. Rd2+ Kc7 36. Rde2 Qf8+ 37. Kg1 Qc5+ 38. Kf1
Kd6 39. Rd2+ Kc7 40. Rde2 Kd6 41. Rd2+ 1/2-1/2

[Event "Ä13Â"]
[Site "Loo"]
[Date "2017.04.26"]
[Round "7.26"]
[White "Èçáåêîâà, Åâäîêèÿ."]
[Black "Êîìëåâà, Àííà."]
[Result "1/2-1/2"]
[WhiteElo "1518"]
[BlackElo "1472"]
[PlyCount "82"]
[EventDate "2017.04.20"]

1. e4 e5 2. Nf3 Nc6 3. Bb5 a6 4. Ba4 Nf6 5. O-O Be7 6. Re1 b5 7. Bb3 d6 8. c3
O-O 9. d4 Re8 10. h3 Bf8 11. Bc2 Bb7 12. Nbd2 Qd7 13. d5 Ne7 14. Nf1 Ng6 15.
Ng3 c6 16. dxc6 Bxc6 17. Be3 Qb7 18. Bg5 Nd7 19. Qe2 h6 20. Bd2 Nf6 21. Rad1
Rad8 22. a3 d5 23. exd5 Bxd5 24. Bxg6 fxg6 25. Bc1 Bxf3 26. Qxf3 Qxf3 27. gxf3
Kf7 28. Kg2 Rxd1 29. Rxd1 e4 30. fxe4 Nxe4 31. Nxe4 Rxe4 32. Be3 Be7 33. Kf3
Re6 34. Rd4 Bf6 35. Re4 g5 36. Rxe6 Kxe6 37. Ke4 Be5 38. Bd4 Bf6 39. Be3 Be5
40. Bd4 Bf6 41. Be3 Be5 1/2-1/2